[Event "Championnat de France des Jeunes - Mini"]
[Site "MONTLUCON"]
[Date "2011.04.17"]
[Round "1.1"]
[White "Moussard, Jules"]
[Black "Burel, Iwan"]
[Result "1-0"]
[WhiteElo "2410"]
[BlackElo "1836"]
[PlyCount "47"]
[EventDate "2011.??.??"]

1. c4 Nf6 2. Nc3 g6 3. g3 Bg7 4. Bg2 O-O 5. d3 d6 6. e4 c5 7. Nge2 Nc6 8. O-O
Rb8 9. h3 a6 10. a4 Nd7 11. f4 e6 12. Be3 Nd4 13. Kh2 b5 14. axb5 axb5 15. Bxd4
cxd4 16. Nxb5 Nc5 17. b4 Na6 18. Qd2 f5 19. exf5 exf5 20. Nexd4 Qb6 21. Nc6
Bxa1 22. Rxa1 Be6 23. Rxa6 Qxa6 24. Nc7 1-0

[Event "Championnat de France des Jeunes - Mini"]
[Site "MONTLUCON"]
[Date "2011.04.17"]
[Round "1.2"]
[White "Delvaux, Robin"]
[Black "Giroyan, Gary"]
[Result "0-1"]
[WhiteElo "1830"]
[BlackElo "2249"]
[Annotator "Rivier,Sylvain"]
[PlyCount "56"]

1. c4 c5 2. Nf3 Nc6 3. Nc3 g6 4. e3 Nf6 5. d4 cxd4 6. exd4 d5 7. Be2 Bg7 8. O-O
O-O 9. h3 Bf5 10. Be3 dxc4 11. Bxc4 Nb4 12. Re1 Rc8 13. Ne2 Nfd5 14. Qb3 Nxe3
15. fxe3 Nc6 16. Bd3 Bxd3 17. Qxd3 Qb6 18. Qd2 e5 19. Rad1 Rcd8 20. Kh1 Bh6 21.
Qd3 exd4 22. Nexd4 Nb4 23. Qe2 Rfe8 24. Rd3 Nd5 25. Rb3 Qf6 26. e4 Nb6 27. e5
Qe7 28. Qd3 Nc4 {suite illisible} 0-1

[Event "Championnat de France des Jeunes - Mini"]
[Site "MONTLUCON"]
[Date "2011.04.17"]
[Round "1.3"]
[White "Barbot, Pierre"]
[Black "Geffroy, Leo"]
[Result "1-0"]
[WhiteElo "2224"]
[BlackElo "1830"]
[PlyCount "73"]

1. e4 c5 2. Nf3 Nc6 3. d4 cxd4 4. Nxd4 Nf6 5. Nc3 e5 6. Ndb5 d6 7. Bg5 a6 8.
Na3 b5 9. Bxf6 gxf6 10. Nd5 Bg7 11. Bd3 Be6 12. O-O f5 13. c4 Nd4 14. exf5 Bxd5
15. cxd5 Qg5 16. Nc2 Nxf5 17. Bxf5 Qxf5 18. Ne3 Qg6 19. a4 O-O 20. axb5 axb5
21. Rxa8 Rxa8 22. Qc1 e4 23. Qc6 Rb8 24. Qd7 Bxb2 25. Nf5 Bf6 26. Nxd6 b4 27.
Qc7 Re8 28. Nc4 Qf5 29. Qb7 Bc3 30. Rd1 Kh8 31. d6 Rg8 32. Ne3 Qf3 33. Qd5 Bf6
34. d7 Qf4 35. Qxf7 Qg5 36. Qc4 Be5 37. Qxg8+ 1-0

[Event "Championnat de France des Jeunes - Mini"]
[Site "MONTLUCON"]
[Date "2011.04.17"]
[Round "1.4"]
[White "Menard, Baptiste"]
[Black "Loiseau, Quentin"]
[Result "0-1"]
[WhiteElo "1829"]
[BlackElo "2142"]
[PlyCount "64"]

1. e4 e5 2. Nf3 Nc6 3. Bb5 a6 4. Ba4 Nf6 5. O-O b5 6. Bb3 Bb7 7. Re1 Bc5 8. c3
O-O 9. d4 Bb6 10. Bg5 h6 11. Bh4 d6 12. d5 Nb8 13. Nbd2 Nbd7 14. Nf1 Qe8 15. h3
Kh7 16. N3h2 g6 17. Bxf6 Nxf6 18. g4 Ng8 19. Ng3 Ne7 20. Bc2 f6 21. Nf3 Qf7 22.
Nh4 Rad8 23. Rf1 c6 24. dxc6 Bxc6 25. Kh2 d5 26. Qe2 d4 27. a4 Rd6 28. f4 dxc3
29. bxc3 Rfd8 30. Rad1 Rxd1 31. Bxd1 exf4 32. Rxf4 g5 0-1

[Event "Championnat de France des Jeunes - Mini"]
[Site "MONTLUCON"]
[Date "2011.04.17"]
[Round "1.5"]
[White "Kirk, Ezra"]
[Black "Bourgeois, Florian"]
[Result "1-0"]
[WhiteElo "2111"]
[BlackElo "1821"]
[PlyCount "59"]

1. d4 e6 2. c4 Nf6 3. Nc3 Bb4 4. e3 c5 5. Bd3 Nc6 6. Nf3 b6 7. O-O O-O 8. a3
Bxc3 9. bxc3 d6 10. Qe2 Na5 11. e4 Nb3 12. Rb1 Nxc1 13. Rbxc1 Nh5 14. e5 Nf4
15. Bxh7+ Kxh7 16. Qe4+ g6 17. Qxf4 d5 18. Rcd1 Ba6 19. Rd3 Kg7 20. Ng5 Qe7 21.
Rh3 Rh8 22. Rf3 Raf8 23. cxd5 Rh5 24. h4 Bxf1 25. d6 Qd7 26. Kxf1 Qb5+ 27. Kg1
Qb1+ 28. Kh2 Qf5 29. Qg3 Qb1 30. d7 1-0

[Event "Championnat de France des Jeunes - Mini"]
[Site "MONTLUCON"]
[Date "2011.04.17"]
[Round "1.6"]
[White "Crouzet, Emeric"]
[Black "Roubaud, Alexandre"]
[Result "1-0"]
[WhiteElo "1816"]
[BlackElo "2081"]
[PlyCount "121"]

1. d4 Nf6 2. c4 e6 3. Nc3 c5 4. d5 exd5 5. cxd5 d6 6. Nf3 g6 7. h3 Bg7 8. Bf4
a6 9. a4 O-O 10. e3 Qe7 11. Nd2 Nbd7 12. Nc4 Ne8 13. Be2 Rb8 14. a5 Ne5 15. Nb6
Bd7 16. O-O f5 17. Rb1 g5 18. Bh2 Rf6 19. b4 cxb4 20. Rxb4 Rh6 21. Nca4 Nf6 22.
Qb3 Be8 23. Nc4 Nxc4 24. Qxc4 Bb5 25. Qc2 Bxe2 26. Qxe2 Nxd5 27. Rc4 Rd8 28.
Qd3 Qe6 29. Rd1 Ne7 30. Rc7 Kf8 31. Rxb7 Qc8 32. Rb6 d5 33. Rb8 Qd7 34. Nc5 Qe8
35. Rdb1 f4 36. Rxd8 Qxd8 37. exf4 Rc6 38. Nb7 Qc8 39. Bg3 Rc1+ 40. Kh2 Rxb1
41. Qxb1 gxf4 42. Bxf4 Ng6 43. Nd6 Qd7 44. Qb8+ Ke7 45. Nc8+ Kf7 46. Nb6 Qb5
47. Qb7+ Ne7 48. Bd6 Qe2 49. Qxe7+ Qxe7 50. Bxe7 Kxe7 51. Nxd5+ Kd6 52. Nb4 Bc3
53. Nxa6 Bxa5 54. g4 Kc6 55. Kg3 Kb5 56. Kh4 Kxa6 57. Kh5 Bd2 58. g5 Kb6 59.
Kh6 Be1 60. Kxh7 Bxf2 61. g6 1-0

[Event "Championnat de France des Jeunes - Mini"]
[Site "MONTLUCON"]
[Date "2011.04.17"]
[Round "1.7"]
[White "Aubry, Yannis"]
[Black "Burmonas, Romain"]
[Result "1-0"]
[WhiteElo "2078"]
[BlackElo "1813"]
[PlyCount "65"]

1. d4 d5 2. c4 c6 3. Nf3 e6 4. Qc2 Nf6 5. Nbd2 Nbd7 6. e4 dxe4 7. Nxe4 Nxe4 8.
Qxe4 Nf6 9. Qh4 Bd7 10. Bd3 Bb4+ 11. Bd2 Bxd2+ 12. Nxd2 Qc7 13. O-O h6 14. c5
Nd5 15. f4 O-O 16. Rf3 Kh8 17. Raf1 Qa5 18. Nc4 Qb4 19. g4 b5 20. a3 Qa4 21. b3
Qxb3 22. Ne5 Be8 23. g5 Qb2 24. f5 exf5 25. Bxf5 Qd2 26. gxh6 Qxh6 27. Qf2 Kg8
28. Rh3 Qg5+ 29. Kh1 Ne7 30. Bh7+ Kh8 31. Be4+ Kg8 32. Rg1 Qf6 33. Qxf6 1-0

[Event "Championnat de France des Jeunes - Mini"]
[Site "MONTLUCON"]
[Date "2011.04.17"]
[Round "1.8"]
[White "Jeannesson, Etienne"]
[Black "Lemeille, Francois"]
[Result "0-1"]
[WhiteElo "1812"]
[BlackElo "2074"]
[PlyCount "140"]

1. e4 c5 2. Nc3 Nc6 3. g3 g6 4. d3 Bg7 5. Bg2 d6 6. Be3 Nf6 7. h3 O-O 8. Qd2
Nd4 9. f4 e5 10. g4 Rb8 11. f5 Ne8 12. Nge2 b5 13. O-O Nc7 14. Bh6 b4 15. Bxg7
bxc3 16. Qh6 Nxe2+ 17. Kh2 Nf4 18. g5 f6 19. Rxf4 exf4 20. fxg6 hxg6 21. Qxg6
Qe8 22. Qh6 fxg5 23. Bxc3 Ne6 24. Qh8+ Kf7 25. Qh7+ Ng7 26. Bf3 Ke7 27. Qxg7+
Qf7 28. Qxg5+ Kd7 29. Bh5 Qg8 30. Bg4+ Kc6 31. Qh5 Bxg4 32. Qxg4 Qxg4 33. hxg4
Rg8 34. Kh3 Rb7 35. Rf1 Rh7+ 36. Kg2 Rxg4+ 37. Kf3 Rgh4 38. Bf6 Rh2 39. Kxf4
Rxc2 40. Rf3 Rf7 41. Ke3 d5 42. exd5+ Kxd5 43. Bc3 Re7+ 44. Kf4 Rg2 45. Rg3
Rf7+ 46. Kg4 Rxg3+ 47. Kxg3 Rf1 48. Kg2 Re1 49. a3 Rd1 50. Kf2 Rxd3 51. Ke2 Kc4
52. Bg7 Rd7 53. Bc3 Kb3 54. Ke3 c4 55. Bd4 a5 56. Ke4 a4 57. Ke3 Kc2 58. Ke4
Rb7 59. Kd5 Kd3 60. Bc3 Rb5+ 61. Kc6 Rb3 62. Bg7 Kc2 63. Kc5 Rg3 64. Bf6 Rg6
65. Bc3 Kb3 66. Kd4 Rg3 67. Bb4 Rg4+ 68. Kc5 Kxb2 69. Kb5 c3 70. Kxa4 c2 0-1

[Event "Championnat de France des Jeunes - Mini"]
[Site "MONTLUCON"]
[Date "2011.04.17"]
[Round "1.9"]
[White "Feryn, Benjamin"]
[Black "Flory, Philippe"]
[Result "1-0"]
[WhiteElo "2056"]
[BlackElo "1810"]
[PlyCount "49"]

1. e4 e5 2. Nf3 Nc6 3. Bc4 Bc5 4. O-O Nf6 5. d4 Bxd4 6. Nxd4 Nxd4 7. f4 Nc6 8.
Bxf7+ Kxf7 9. fxe5 Nxe5 10. Qd5+ Kf8 11. Qxe5 d6 12. Qd4 Be6 13. Bg5 Kf7 14.
Nc3 h6 15. Bxf6 gxf6 16. Nd5 Bxd5 17. Qxd5+ Kg7 18. Rf3 Qe7 19. Rg3+ Kf8 20.
Rf1 c6 21. Qf5 Rh7 22. Qg6 Rg7 23. Qxh6 Kg8 24. Rxf6 Rf8 25. Rxg7+ 1-0

[Event "Championnat de France des Jeunes - Mini"]
[Site "MONTLUCON"]
[Date "2011.04.17"]
[Round "1.10"]
[White "Craft, Isaac"]
[Black "Neri, Jean-Baptiste"]
[Result "0-1"]
[WhiteElo "1806"]
[BlackElo "2052"]
[PlyCount "82"]

1. e4 c5 2. Nf3 Nc6 3. d4 cxd4 4. Nxd4 g6 5. c4 Bg7 6. Nc2 d6 7. Be2 Qb6 8. Nc3
Bxc3+ 9. bxc3 Nf6 10. Bf3 Ne5 11. Ne3 Qa5 12. Bb2 Be6 13. Qb3 Nd3+ 14. Ke2 Nxb2
15. Qxb2 O-O 16. Nd5 Bxd5 17. cxd5 Qa6+ 18. Ke3 Rfc8 19. Rhd1 Nd7 20. Rac1 Ne5
21. Be2 Nc4+ 22. Bxc4 Rxc4 23. Rd4 Rac8 24. f3 b6 25. Rxc4 Rxc4 26. Qb3 Qc8 27.
Kd3 Rc5 28. c4 Ra5 29. Rc3 Qc5 30. h3 Qg1 31. Rc2 Qc5 32. Rc3 f5 33. exf5 gxf5
34. Qc2 Qg1 35. Qe2 Kf8 36. Rc2 Ra3+ 37. Rc3 Qb1+ 38. Kd4 Rxa2 39. Qe3 Qd1+ 40.
Rd3 Qa1+ 41. Rc3 Ra3 0-1

[Event "Championnat de France des Jeunes - Minim"]
[Site "MONTLUCON"]
[Date "2011.04.18"]
[Round "2.1"]
[White "Duff, Rufus"]
[Black "Moussard, Jules"]
[Result "0-1"]
[WhiteElo "1929"]
[BlackElo "2410"]
[PlyCount "56"]

1. e4 d6 2. d4 g6 3. Nc3 Bg7 4. Be3 a6 5. Nf3 Nd7 6. Qd2 b5 7. a4 b4 8. Ne2 a5
9. Ng3 Ngf6 10. h3 Bb7 11. Bd3 c5 12. c3 Rc8 13. cxb4 cxb4 14. O-O O-O 15. Bh6
Qb6 16. Qg5 Bxh6 17. Qxh6 e5 18. Bb5 Bc6 19. Bxc6 Rxc6 20. d5 Rc2 21. Nh4 Kh8
22. Rac1 b3 23. Kh2 Rg8 24. Qg5 Qd4 25. Rxc2 bxc2 26. Qe3 Rc8 27. Rc1 Qxb2 28.
Nf3 Nc5 0-1

[Event "Championnat de France des Jeunes - Minim"]
[Site "MONTLUCON"]
[Date "2011.04.18"]
[Round "2.2"]
[White "Giroyan, Gary"]
[Black "Bapst, Valentin"]
[Result "1-0"]
[WhiteElo "2249"]
[BlackElo "1925"]
[PlyCount "51"]

1. e4 c5 2. Nf3 e6 3. d4 cxd4 4. Nxd4 Nf6 5. Nc3 d6 6. Be3 Nc6 7. Bc4 Be7 8.
Qe2 a6 9. O-O-O Qc7 10. Bb3 Na5 11. g4 b5 12. g5 Nd7 13. Bxe6 fxe6 14. Nxe6 Qc6
15. Nxg7+ Kf7 16. Nf5 Ne5 17. Qh5+ Ng6 18. Nd5 Bf8 19. Bd4 Bxf5 20. exf5 Qxd5
21. fxg6+ hxg6 22. Qxh8 Qxg5+ 23. f4 Qf5 24. Rhe1 g5 25. fxg5 Rc8 26. Rd2 1-0

[Event "Championnat de France des Jeunes - Minim"]
[Site "MONTLUCON"]
[Date "2011.04.18"]
[Round "2.3"]
[White "Muller, Matthieu"]
[Black "Barbot, Pierre"]
[Result "1/2-1/2"]
[WhiteElo "1928"]
[BlackElo "2224"]
[PlyCount "90"]

1. e4 c5 2. Nf3 Nc6 3. d4 cxd4 4. Nxd4 Nf6 5. Nc3 d6 6. Be2 e5 7. Nb3 Be7 8.
Be3 O-O 9. O-O a5 10. a4 Nb4 11. f4 d5 12. fxe5 Nxe4 13. Nxe4 dxe4 14. c3 Nd5
15. Bd4 Bg5 16. Bc4 Ne3 17. Bxe3 Bxe3+ 18. Kh1 Qh4 19. Rxf7 Rxf7 20. Qd5 Kh8
21. Qxf7 Bg4 22. Rf1 Bf3 23. gxf3 Bf4 24. Rf2 Qxf2 25. Qxf4 exf3 26. Qg3 Qe3
27. e6 Rd8 28. Nd4 Qc1+ 29. Qg1 Qxb2 30. e7 Re8 31. Nf5 Qxc3 32. Bb5 Rxe7 33.
Nxe7 Qe5 34. Qc1 g6 35. Qc8+ Kg7 36. Qg8+ Kh6 37. Qf8+ Kg5 38. Qxf3 Qxe7 39.
Kg2 b6 40. Qf2 Qd8 41. Qe3+ Kf6 42. h4 Kg7 43. Qe5+ Kh6 44. Qf4+ Kg7 45. Qe5+
Kh6 1/2-1/2

[Event "Championnat de France des Jeunes - Minim"]
[Site "MONTLUCON"]
[Date "2011.04.18"]
[Round "2.4"]
[White "Loiseau, Quentin"]
[Black "Roques, Olivier"]
[Result "1-0"]
[WhiteElo "2142"]
[BlackElo "1914"]
[PlyCount "83"]

1. Nf3 Nf6 2. d4 d6 3. c4 Nbd7 4. Nc3 e5 5. e4 Be7 6. Be2 O-O 7. O-O c6 8. Qc2
Qc7 9. Rd1 Re8 10. Bg5 a6 11. Rac1 Nf8 12. h3 Ne6 13. Be3 Bf8 14. Qb1 exd4 15.
Nxd4 Nc5 16. Bf3 Qe7 17. Nf5 Bxf5 18. exf5 Ncd7 19. Re1 Ne5 20. Be2 Qc7 21. Ne4
Nxe4 22. Qxe4 Qa5 23. Qc2 Rad8 24. b4 Qc7 25. Qb3 Nd7 26. Red1 Nf6 27. Bf3 Re5
28. Qd3 Qd7 29. g4 d5 30. Bf4 Ree8 31. c5 h6 32. Kg2 Ne4 33. Bxe4 Rxe4 34. Qxe4
dxe4 35. Rxd7 Rxd7 36. Rc4 a5 37. Rxe4 g5 38. fxg6 fxg6 39. bxa5 g5 40. Be3 Kf7
41. f3 Rd5 42. Rb4 1-0

[Event "Championnat de France des Jeunes - Minim"]
[Site "MONTLUCON"]
[Date "2011.04.18"]
[Round "2.5"]
[White "Bach, Anatole"]
[Black "Kirk, Ezra"]
[Result "0-1"]
[WhiteElo "1921"]
[BlackElo "2111"]
[PlyCount "114"]

1. e4 c5 2. Nf3 Nc6 3. Bb5 g6 4. O-O Bg7 5. Re1 Nf6 6. e5 Nd5 7. Nc3 Nc7 8.
Bxc6 dxc6 9. Ne4 Ne6 10. d3 O-O 11. Be3 b6 12. Qd2 Qc7 13. Bh6 Rd8 14. Bxg7
Kxg7 15. Qe3 h6 16. Ng3 Nd4 17. Rac1 Qd7 18. h3 Qd5 19. Nd2 Be6 20. b3 Nf5 21.
Nxf5+ Bxf5 22. Nf1 Qd4 23. Ng3 Be6 24. Qf3 Qd5 25. Re4 f5 26. exf6+ exf6 27.
Rce1 Re8 28. Qf4 Rad8 29. Nf1 Qd6 30. Qh4 Bf7 31. Nh2 Rxe4 32. Rxe4 h5 33. Nf1
g5 34. Qg3 Qxg3 35. Nxg3 Rd7 36. Nf5+ Kf8 37. g4 hxg4 38. hxg4 Bd5 39. Re3 Rh7
40. f3 Rd7 41. Kf2 Bf7 42. Kg2 b5 43. Nh6 c4 44. Nxf7 Kxf7 45. Kf2 cxb3 46.
axb3 a5 47. Re1 Ra7 48. Ra1 Ke6 49. Ke3 Kd5 50. d4 a4 51. bxa4 Rxa4 52. Rd1
Ra3+ 53. Rd3 b4 54. Rb3 Kc4 55. Ke4 Rxb3 56. cxb3+ Kxb3 57. Kf5 Kc4 0-1

[Event "Championnat de France des Jeunes - Minim"]
[Site "MONTLUCON"]
[Date "2011.04.18"]
[Round "2.6"]
[White "Bernard, Alien"]
[Black "Aubry, Yannis"]
[Result "1/2-1/2"]
[WhiteElo "1893"]
[BlackElo "2078"]
[PlyCount "26"]

1. e4 d6 2. d4 Nf6 3. Nc3 e5 4. dxe5 dxe5 5. Qxd8+ Kxd8 6. Nf3 Bd6 7. Bc4 Ke7
8. Bg5 c6 9. O-O-O Bc7 10. h3 Nbd7 11. Rhe1 b5 12. Bxb5 Bb7 13. Bc4 Nb6 1/2-1/2

[Event "Championnat de France des Jeunes - Minim"]
[Site "MONTLUCON"]
[Date "2011.04.18"]
[Round "2.7"]
[White "Lemeille, Francois"]
[Black "Marimoutou, Loic"]
[Result "1/2-1/2"]
[WhiteElo "2074"]
[BlackElo "1880"]
[PlyCount "61"]

1. e4 e5 2. Nf3 Nc6 3. Bb5 a6 4. Ba4 Nf6 5. O-O Be7 6. Re1 b5 7. Bb3 O-O 8. Nc3
d6 9. d3 Bg4 10. h3 Bxf3 11. Qxf3 Nd4 12. Qd1 a5 13. Ne2 Nxe2+ 14. Qxe2 a4 15.
Bd5 Nxd5 16. exd5 f5 17. d4 Bf6 18. Qxb5 exd4 19. Qd3 Qd7 20. Bd2 Rfe8 21. c4
Be5 22. b4 f4 23. Re4 Rf8 24. Qf3 Qf7 25. b5 g5 26. Rae1 h5 27. Bb4 Rfe8 28.
Qe2 Qg6 29. f3 Qf7 30. a3 Kh8 31. Kh1 1/2-1/2

[Event "Championnat de France des Jeunes - Minim"]
[Site "MONTLUCON"]
[Date "2011.04.18"]
[Round "2.8"]
[White "Mkrtchyan, Armen"]
[Black "Feryn, Benjamin"]
[Result "1/2-1/2"]
[WhiteElo "1883"]
[BlackElo "2056"]
[PlyCount "112"]

1. e4 e5 2. Nf3 Nc6 3. Bb5 Nge7 4. d4 exd4 5. Nxd4 g6 6. O-O Bg7 7. c3 O-O 8.
Bg5 h6 9. Bh4 Nxd4 10. cxd4 c6 11. Bc4 g5 12. Bg3 d5 13. exd5 Nxd5 14. Bb3 Ne7
15. Be5 Bxe5 16. dxe5 Qxd1 17. Rxd1 Ng6 18. Re1 Re8 19. Nd2 Re7 20. Rad1 Bf5
21. Nf3 Bg4 22. Rd6 Kf8 23. Nd4 Rae8 24. f3 Bc8 25. e6 fxe6 26. Nxe6+ Bxe6 27.
Rdxe6 Rxe6 28. Rxe6 Rxe6 29. Bxe6 Ne5 30. Bf5 Ke7 31. Kf2 Kd6 32. Ke2 Kc5 33.
g3 Nc4 34. b3 Nd6 35. Bg6 Kb4 36. Kd3 c5 37. Kc2 Ka3 38. Kb1 a5 39. f4 gxf4 40.
gxf4 b6 41. Bd3 b5 42. f5 c4 43. bxc4 bxc4 44. Bc2 Ne8 45. h4 Kb4 46. Kb2 c3+
47. Kb1 Kc4 48. a3 Nf6 49. Ka2 h5 50. Kb1 Kd4 51. Ka2 Ke3 52. Kb3 Kd2 53. a4
Nd7 54. Bb1 Nc5+ 55. Kc4 Nd7 56. Kb3 Nf6 1/2-1/2

[Event "Championnat de France des Jeunes - Minim"]
[Site "MONTLUCON"]
[Date "2011.04.18"]
[Round "2.9"]
[White "Neri, Jean-Baptiste"]
[Black "Cornaton, Antoine"]
[Result "1/2-1/2"]
[WhiteElo "2052"]
[BlackElo "1870"]
[PlyCount "90"]

1. d4 e6 2. e4 d5 3. Nc3 Nf6 4. Bg5 Be7 5. e5 Nfd7 6. h4 Bxg5 7. hxg5 Qxg5 8.
Qd3 g6 9. Nf3 Qe7 10. O-O-O Nc6 11. Qd2 h5 12. g4 h4 13. g5 h3 14. Rxh3 Rxh3
15. Bxh3 Nb6 16. Bf1 Bd7 17. Nh2 O-O-O 18. Ng4 Rh8 19. Nf6 Rh4 20. f4 Nb4 21.
a3 Nc6 22. Qf2 Rh8 23. Be2 Na5 24. Qg2 Nac4 25. Bxc4 Nxc4 26. Rh1 Rxh1+ 27.
Qxh1 b5 28. Na2 a5 29. Qe1 Bc6 30. Qc3 Qf8 31. Ng4 Kb7 32. Kd1 Bd7 33. b3 Qxa3
34. bxc4 Qxa2 35. cxb5 Qb1+ 36. Kd2 Bxb5 37. Nf2 Kb6 38. Nd3 Be8 39. Qa3 Bd7
40. Qf8 Be8 41. Qe7 Ba4 42. Qd8 Bc6 43. Nc5 Qb4+ 44. c3 Qb2+ 45. Kd1 Qb1+
1/2-1/2

[Event "Championnat de France des Jeunes - Minim"]
[Site "MONTLUCON"]
[Date "2011.04.18"]
[Round "2.10"]
[White "Ravot, Emmanuel"]
[Black "Jaouen, Valentin"]
[Result "1/2-1/2"]
[WhiteElo "2022"]
[BlackElo "1861"]
[Annotator "Rivier,Sylvain"]
[PlyCount "78"]

1. d4 e6 2. c4 b6 3. e4 Bb7 4. Qc2 Qh4 5. Nd2 Bb4 6. Bd3 Qg4 7. Kf1 Nc6 8. f3
Qh4 9. Ne2 e5 10. a3 Nxd4 11. Nxd4 Bc5 12. N2b3 Bxd4 13. c5 bxc5 14. Nxd4 exd4
15. Qxc5 Qf6 16. Qxc7 Ba6 17. Qc2 Rc8 18. Qe2 Bxd3 19. Qxd3 Qb6 20. Bd2 Qxb2
21. Rb1 Qa2 22. Ke2 Nf6 23. Ra1 Qe6 24. Rhc1 O-O 25. Qxd4 d5 26. e5 Rxc1 27.
Rxc1 Rc8 28. Bc3 Nd7 29. Kf2 Qh6 30. Re1 Nb6 31. Kg1 Qc6 32. e6 f6 33. e7 Kf7
34. Bb4 Qc4 35. Qe3 d4 36. Qe4 g6 37. Rd1 d3 38. Qxd3 a5 39. Qxc4+ Rxc4 {suite
illisible} 1/2-1/2

[Event "Championnat de France des Jeunes - Minim"]
[Site "MONTLUCON"]
[Date "2011.04.18"]
[Round "3.1"]
[White "Moussard, Jules"]
[Black "Deslias, Gregoire"]
[Result "1-0"]
[WhiteElo "2410"]
[BlackElo "1943"]
[PlyCount "75"]

1. g3 Nf6 2. Bg2 d5 3. d3 e5 4. a3 Bd6 5. Nd2 c6 6. e4 Be6 7. Ngf3 O-O 8. O-O
Ne8 9. Re1 Nd7 10. h3 f5 11. exd5 cxd5 12. Nd4 Qf6 13. Nxe6 Qxe6 14. c4 Nc7 15.
cxd5 Nxd5 16. Qb3 N7b6 17. a4 a5 18. Nf3 e4 19. dxe4 fxe4 20. Ng5 Qf5 21. Nxe4
Rae8 22. Kh2 Bb4 23. Re3 Kh8 24. Rf3 Qe5 25. Bd2 Rxf3 26. Qxf3 Qxb2 27. Re1
Bxd2 28. Nxd2 Rg8 29. Ne4 Qb4 30. Rd1 Rf8 31. Qh5 Ne7 32. Rd6 Qb2 33. Ng5 Qc2
34. Rxb6 Kg8 35. Rxb7 Nc8 36. Rc7 Qf5 37. Rc5 Qb1 38. Qf7+ 1-0

[Event "Championnat de France des Jeunes - Minim"]
[Site "MONTLUCON"]
[Date "2011.04.18"]
[Round "3.2"]
[White "Macon, Arthur"]
[Black "Giroyan, Gary"]
[Result "1/2-1/2"]
[WhiteElo "1997"]
[BlackElo "2249"]
[PlyCount "86"]

1. d4 Nf6 2. c4 g6 3. Nc3 d5 4. cxd5 Nxd5 5. Bd2 Bg7 6. e4 Nb6 7. Be3 O-O 8. h3
f5 9. exf5 Bxf5 10. Nf3 Kh8 11. Qb3 Nc6 12. d5 Ne5 13. Nxe5 Bxe5 14. Rd1 Qe8
15. g4 Bd7 16. Bg2 Qf7 17. O-O h5 18. Bd4 Bg7 19. Qb4 hxg4 20. hxg4 a5 21.
Bxg7+ Qxg7 22. Qd4 Nc8 23. g5 Nd6 24. Qxg7+ Kxg7 25. Rde1 Rae8 26. f4 Nf5 27.
Bh3 Rh8 28. Bxf5 Bxf5 29. Rf2 Rh4 30. Ne4 Rg4+ 31. Kf1 Kf7 32. Re3 Rd8 33. Nc3
b5 34. Re5 b4 35. Nd1 Bd3+ 36. Ke1 Rg1+ 37. Kd2 Bc4 38. Ne3 Bxa2 39. Rh2 Kg8
40. Rh6 Rd6 41. Rxe7 Bxd5 42. Nxd5 Rxd5+ 43. Ke2 Rf5 1/2-1/2

[Event "Championnat de France des Jeunes - Minim"]
[Site "MONTLUCON"]
[Date "2011.04.18"]
[Round "3.3"]
[White "Messinger, Karl"]
[Black "Loiseau, Quentin"]
[Result "1-0"]
[WhiteElo "1966"]
[BlackElo "2142"]
[PlyCount "109"]

1. e4 e5 2. Nf3 Nc6 3. Bb5 a6 4. Ba4 Nf6 5. O-O b5 6. Bb3 Bb7 7. d3 Bd6 8. a4
O-O 9. Nc3 Na5 10. axb5 Nxb3 11. cxb3 Re8 12. bxa6 Bxa6 13. Ne2 Bf8 14. Ng3 d5
15. Re1 Bb7 16. Rxa8 Qxa8 17. Qc2 Bd6 18. Nh4 Qa5 19. Bd2 Qb5 20. Nhf5 Ba6 21.
Re3 Bf8 22. Rf3 Re6 23. Bg5 Rc6 24. Qd1 dxe4 25. dxe4 Qb4 26. Nh6+ gxh6 27.
Rxf6 Qb6 28. Be3 Rxf6 29. Bxb6 cxb6 30. Nf5 Rc6 31. h3 Bc8 32. Ne3 Be6 33. Qd3
Bc5 34. Qd8+ Kg7 35. Nf5+ Bxf5 36. exf5 Bd4 37. Qh4 Bxb2 38. Qe4 Rd6 39. g4 Bd4
40. h4 Rd8 41. g5 hxg5 42. hxg5 Rg8 43. Qc6 Kh8 44. Qf6+ Rg7 45. Kf1 Bb2 46. f4
Bd4 47. fxe5 Be3 48. Qd8+ Rg8 49. Qf6+ Rg7 50. Qe7 h6 51. Qf8+ Kh7 52. f6 Rxg5
53. Qxf7+ Kh8 54. Qe8+ Kh7 55. f7 1-0

[Event "Championnat de France des Jeunes - Minim"]
[Site "MONTLUCON"]
[Date "2011.04.18"]
[Round "3.4"]
[White "Kirk, Ezra"]
[Black "Paci, Nicolas"]
[Result "1-0"]
[WhiteElo "2111"]
[BlackElo "1939"]
[PlyCount "75"]

1. d4 Nf6 2. c4 g6 3. Nc3 Bg7 4. g3 O-O 5. Bg2 d6 6. Nf3 Nbd7 7. O-O e5 8. e4
c6 9. h3 Qc7 10. Be3 Re8 11. Re1 exd4 12. Nxd4 Nc5 13. Qc2 Qe7 14. b4 Ne6 15.
Nb3 Nc7 16. Rad1 Be6 17. c5 d5 18. Bg5 h6 19. Bf4 Nxe4 20. Nxe4 dxe4 21. Bd6
Qd7 22. Rxe4 Bd5 23. Rxe8+ Rxe8 24. Bxc7 Qxc7 25. Bxd5 cxd5 26. Rxd5 Be5 27.
Qd3 Re7 28. Nd2 a5 29. b5 Kh7 30. Nc4 Bg7 31. h4 Re1+ 32. Kg2 Qe7 33. h5 Ra1
34. hxg6+ fxg6 35. Rd6 Qg5 36. c6 bxc6 37. bxc6 Qh5 38. Qxg6+ 1-0

[Event "Championnat de France des Jeunes - Minim"]
[Site "MONTLUCON"]
[Date "2011.04.18"]
[Round "3.6"]
[White "Malka, Samuel"]
[Black "Kaser, Simon"]
[Result "1-0"]
[WhiteElo "2015"]
[BlackElo "1670"]
[PlyCount "61"]

1. d4 d5 2. c4 c6 3. Nf3 Nf6 4. e3 Bf5 5. Nc3 e6 6. Nh4 Be4 7. f3 Bg6 8. Qb3
Qc7 9. Bd2 Be7 10. O-O-O Nbd7 11. Nxg6 hxg6 12. cxd5 Nxd5 13. g3 O-O 14. Kb1
N7b6 15. e4 Nf6 16. Bf4 Qc8 17. g4 c5 18. d5 exd5 19. exd5 Rd8 20. d6 Bf8 21.
Be5 Qc6 22. Bb5 Qxf3 23. Rdf1 Qxg4 24. Bxf6 gxf6 25. Rhg1 Qh4 26. Rxg6+ Bg7 27.
Rfg1 c4 28. Rxg7+ Kh8 29. Qd1 a6 30. Ba4 Nxa4 31. Nxa4 1-0

[Event "Championnat de France des Jeunes - Minim"]
[Site "MONTLUCON"]
[Date "2011.04.18"]
[Round "3.7"]
[White "Gregot, Stanislas"]
[Black "Salles, Louis"]
[Result "0-1"]
[WhiteElo "1505"]
[BlackElo "2008"]
[PlyCount "114"]

1. e4 c5 2. Nf3 d6 3. d4 cxd4 4. Nxd4 Nf6 5. Nc3 a6 6. Be3 e6 7. f3 b5 8. a3
Bb7 9. Qd2 Nbd7 10. Be2 d5 11. exd5 Nxd5 12. Bg5 Qb6 13. O-O-O h6 14. Nxd5 Bxd5
15. Be3 Qb7 16. g3 b4 17. axb4 Bxb4 18. c3 Be7 19. Nf5 Bf8 20. Bf4 Nc5 21. Qe3
Rc8 22. Nd6+ Bxd6 23. Bxd6 Na4 24. Ba3 Qb3 25. Rxd5 Qxd5 26. Qa7 Qd7 27. Qxa6
Nc5 28. Bxc5 Rxc5 29. Rd1 Qc8 30. Bb5+ Ke7 31. Qd6+ Kf6 32. Qd4+ Kg6 33. Bd3+
f5 34. g4 Rg8 35. h4 Kh7 36. Qf4 Rd8 37. g5 Rxc3+ 38. bxc3 Qxc3+ 39. Bc2 Ra8
40. g6+ Kh8 41. Qa4 Qe3+ 42. Kb2 Qxf3 43. Qa5 Qb7+ 44. Kc1 Qb8 45. Qc3 Qf4+ 46.
Qd2 Qxh4 47. Re1 Qf6 48. Rg1 Qa1+ 49. Bb1 Rc8+ 50. Qc2 Rxc2+ 51. Kxc2 Qa4+ 52.
Kc1 Qa3+ 53. Kd2 Qb2+ 54. Kd3 Kg8 55. Rd1 Kf8 56. Ke3 Ke7 57. Kf4 Qf2+ 0-1

[Event "Championnat de France des Jeunes - Minim"]
[Site "MONTLUCON"]
[Date "2011.04.18"]
[Round "3.8"]
[White "Barbot, Pierre"]
[Black "Bernard, Alien"]
[Result "1-0"]
[WhiteElo "2224"]
[BlackElo "1893"]
[PlyCount "75"]

1. e4 e5 2. d4 exd4 3. Nf3 Bb4+ 4. Bd2 Bxd2+ 5. Qxd2 Nc6 6. Nxd4 Qf6 7. c3 a6
8. Bc4 Nge7 9. O-O O-O 10. f4 d6 11. Na3 Qh6 12. Nac2 Kh8 13. Ne3 f5 14. Ndxf5
Nxf5 15. Nxf5 Bxf5 16. exf5 Rxf5 17. Rae1 Rff8 18. Re6 Qh5 19. Qd5 Qg4 20. Be2
Qh4 21. g3 Qd8 22. Bd3 Rf6 23. Rfe1 Qg8 24. Qh5 g6 25. Qh3 Raf8 26. Bc4 Qg7 27.
Rxf6 Qxf6 28. Qd7 Ne5 29. Qxc7 Nf3+ 30. Kf2 Nxe1 31. Kxe1 Re8+ 32. Kd2 Qe7 33.
Qb6 Kg7 34. a4 Qe1+ 35. Kc2 Qe4+ 36. Kb3 Qe7 37. Bd5 Kh6 38. Ka2 1-0